000
00268nam a2200121 4500
999
_c
8818
_d
8818
003
OSt
005
20210208164202.0
008
210208b ||||| |||| 00| 0 eng d
082
_a
729
_b
WHI
100
_a
White T Edward
245
_a
Space Adjacency Analysis
942
_2
ddc